[Event "Baku Chess Olympiad | Open"]
[Site "chess24.com"]
[Date "2016.09.05"]
[Round "4"]
[White "Sohib, Okla"]
[Black "Kassis, Antoine"]
[Result "1/2-1/2"]
[Board "3"]
[WhiteID "7602421"]
[WhiteElo "2153"]
[WhiteCountry "SYR"]
[WhiteFideId "7602421"]
[BlackID "5300150"]
[BlackElo "2142"]
[BlackTitle "FM"]
[BlackCountry "LIB"]
[BlackFideId "5300150"]

1. d4 {[%clk 1:30:52]} Nf6 {[%clk 1:30:54]} 2. Nf3 {[%clk 1:31:14]} c5 {[%clk
1:31:14]} 3. d5 {[%clk 1:30:34]} e6 {[%clk 1:31:32]} 4. c4 {[%clk 1:28:21]} exd5
{[%clk 1:31:10]} 5. cxd5 {[%clk 1:28:43]} d6 {[%clk 1:31:36]} 6. Nc3 {[%clk
1:28:23]} g6 {[%clk 1:32:01]} 7. e4 {[%clk 1:27:16]} Bg7 {[%clk 1:32:21]} 8. Nd2
{[%clk 1:22:39]} O-O {[%clk 1:32:34]} 9. Bd3 {[%clk 1:21:40]} a6 {[%clk 1:26:44]}
10. a4 {[%clk 1:21:45]} Nbd7 {[%clk 1:26:30]} 11. Nc4 {[%clk 1:20:37]} Qe7 {[%clk
1:11:41]} 12. Bf4 {[%clk 1:02:44]} Ne8 {[%clk 1:11:23]} 13. O-O {[%clk 1:01:10]}
Ne5 {[%clk 1:01:42]} 14. Nb6 {[%clk 0:57:48]} Rb8 {[%clk 1:02:02]} 15. Re1 {[%clk
0:53:52]} g5 {[%clk 0:42:36]} 16. Bg3 {[%clk 0:37:39]} Bg4 {[%clk 0:32:33]} 17.
Be2 {[%clk 0:35:28]} Bxe2 {[%clk 0:32:23]} 18. Qxe2 {[%clk 0:35:32]} Nc7 {[%clk
0:21:31]} 19. Rad1 {[%clk 0:28:24]} Na8 {[%clk 0:18:04]} 20. Bxe5 {[%clk
0:19:16]} Bxe5 {[%clk 0:17:14]} 21. Nc4 {[%clk 0:19:40]} Bxc3 {[%clk 0:05:12]}
22. bxc3 {[%clk 0:19:44]} b5 {[%clk 0:04:27]} 23. Na5 {[%clk 0:17:55]} Qf6 {[%clk
0:04:14]} 24. Rd3 {[%clk 0:15:18]} bxa4 {[%clk 0:03:20]} 25. Rf3 {[%clk 0:14:30]}
Qg6 {[%clk 0:02:38]} 26. Nc6 {[%clk 0:14:20]} Rbe8 {[%clk 0:03:01]} 27. Re3
{[%clk 0:05:07]} Nb6 {[%clk 0:02:44]} 28. Qxa6 {[%clk 0:04:20]} Nd7 {[%clk
0:02:47]} 29. Qb7 {[%clk 0:03:13]} Ne5 {[%clk 0:02:55]} 30. Ne7+ {[%clk 0:03:10]}
Rxe7 {[%clk 0:03:21]} 31. Qxe7 {[%clk 0:03:32]} Nc4 {[%clk 0:03:01]} 32. Rg3
{[%clk 0:03:12]} f6 {[%clk 0:03:01]} 33. Qd7 {[%clk 0:01:46]} Qe8 {[%clk
0:01:57]} 34. Qg4 {[%clk 0:01:08]} Qc8 {[%clk 0:00:41]} 35. e5 {[%clk 0:00:58]}
Qxg4 {[%clk 0:00:34]} 36. Rxg4 {[%clk 0:01:25]} Nxe5 {[%clk 0:00:57]} 37. Rxa4
{[%clk 0:01:38]} Kg7 {[%clk 0:01:07]} 38. Ra6 {[%clk 0:01:33]} Rd8 {[%clk
0:01:30]} 39. Rb1 {[%clk 0:01:26]} Kg6 {[%clk 0:01:49]} 40. Rbb6 {[%clk 0:31:05]}
Nc4 {[%clk 0:32:04]} 41. Rb7 {[%clk 0:31:18]} h5 {[%clk 0:25:23]} 42. Ra4 {[%clk
0:21:30]} Re8 {[%clk 0:24:56]} 43. h4 {[%clk 0:17:15]} Re1+ {[%clk 0:22:33]} 44.
Kh2 {[%clk 0:17:41]} Ne5 {[%clk 0:18:55]} 45. hxg5 {[%clk 0:13:12]} fxg5 {[%clk
0:18:48]} 46. f3 {[%clk 0:11:01]} Re2 {[%clk 0:13:10]} 47. Kg1 {[%clk 0:04:21]}
Re1+ {[%clk 0:12:08]} 48. Kh2 {[%clk 0:04:13]} Re2 {[%clk 0:12:34]} 49. Kh3
{[%clk 0:02:00]} Nd3 {[%clk 0:02:43]} 50. Rd7 {[%clk 0:02:16]} Re1 {[%clk
0:01:50]} 51. Rxd6+ {[%clk 0:02:27]} Kf5 {[%clk 0:02:08]} 52. g4+ {[%clk
0:01:00]} hxg4+ {[%clk 0:02:34]} 53. fxg4+ {[%clk 0:01:23]} Ke5 {[%clk 0:03:00]}
54. Rd8 {[%clk 0:00:42]} Re3+ {[%clk 0:02:40]} 55. Kh2 {[%clk 0:01:00]} Re2+
{[%clk 0:01:20]} 56. Kg1 {[%clk 0:01:15]} Re1+ {[%clk 0:01:34]} 57. Kg2 {[%clk
0:01:16]} Nf4+ {[%clk 0:01:40]} 58. Kf2 {[%clk 0:01:04]} Rc1 {[%clk 0:01:09]} 59.
d6 {[%clk 0:01:01]} Ne6 {[%clk 0:01:30]} 60. Re8 {[%clk 0:00:57]} Rd1 {[%clk
0:01:10]} 61. Ke3 {[%clk 0:00:37]} Rxd6 {[%clk 0:00:40]} 62. Re4+ {[%clk
0:00:56]} Kf6 {[%clk 0:01:04]} 63. R4xe6+ {[%clk 0:00:59]} Rxe6+ {[%clk 0:01:29]}
64. Rxe6+ {[%clk 0:01:11]} Kxe6 {[%clk 0:01:58]} 65. Ke4 {[%clk 0:01:11]} Kd6
{[%clk 0:01:22]} 66. Kf5 {[%clk 0:01:32]} Kd5 {[%clk 0:01:49]} 67. Kxg5 {[%clk
0:01:50]} Kc4 {[%clk 0:02:18]} 68. Kf4 {[%clk 0:01:33]} Kxc3 {[%clk 0:02:45]} 69.
g5 {[%clk 0:01:49]} c4 {[%clk 0:02:52]} 70. g6 {[%clk 0:02:01]} Kb2 {[%clk
0:03:13]} 71. g7 {[%clk 0:00:55]} c3 {[%clk 0:03:38]} 72. g8Q {[%clk 0:00:54]} c2
{[%clk 0:04:05]} 73. Qg7+ {[%clk 0:00:46]} Kb1 {[%clk 0:04:13]} 74. Qg6 {[%clk
0:01:07]} Kb2 {[%clk 0:04:37]} 75. Qf6+ {[%clk 0:01:24]} Kb1 {[%clk 0:05:02]} 76.
Qf5 {[%clk 0:01:29]} Ka1 {[%clk 0:04:39]} 77. Qc5 {[%clk 0:01:30]} Kb1 {[%clk
0:05:00]} 78. Qb4+ {[%clk 0:00:49]} Ka1 {[%clk 0:04:54]} 79. Qe1+ {[%clk
0:01:08]} Kb2 {[%clk 0:05:13]} 80. Qd2 {[%clk 0:01:17]} Kb1 {[%clk 0:05:28]} 81.
Qd3 {[%clk 0:01:08]} Kb2 {[%clk 0:04:55]} 82. Qd2 {[%clk 0:01:28]} Kb1 {[%clk
0:05:05]} 83. Qb4+ {[%clk 0:01:51]} Ka1 {[%clk 0:05:30]} 84. Qd4+ {[%clk
0:01:31]} Kb1 {[%clk 0:05:54]} 85. Qb4+ {[%clk 0:01:49]} Ka1 {[%clk 0:06:18]} 86.
Qa3+ {[%clk 0:02:15]} Kb1 {[%clk 0:06:42]} 87. Qb3+ {[%clk 0:02:42]} Ka1 {[%clk
0:07:08]} 88. Qc3+ {[%clk 0:03:06]} Kb1 {[%clk 0:07:34]} 89. Qd3 {[%clk 0:03:29]}
Ka1 {[%clk 0:07:10]} 90. Qe3 {[%clk 0:03:44]} Kb1 {[%clk 0:07:35]} 91. Qd2 {[%clk
0:04:03]} 1/2-1/2

[Event "Baku Chess Olympiad | Open"]
[Site "chess24.com"]
[Date "2016.09.05"]
[Round "4"]
[White "Asmar, Elie"]
[Black "Alzaim, Talal"]
[Result "1-0"]
[Board "4"]
[WhiteID "5301432"]
[WhiteElo "2026"]
[WhiteCountry "LIB"]
[WhiteFideId "5301432"]
[WhiteEloChange "16"]
[BlackID "7600402"]
[BlackElo "2259"]
[BlackCountry "SYR"]
[BlackFideId "7600402"]
[BlackEloChange "-16"]

1. e4 {[%clk 1:30:57]} e6 {[%clk 1:30:40]} 2. d4 {[%clk 1:31:02]} d5 {[%clk
1:31:03]} 3. Nd2 {[%clk 1:30:51]} Be7 {[%clk 1:31:15]} 4. Ngf3 {[%clk 1:30:13]}
Nf6 {[%clk 1:31:35]} 5. e5 {[%clk 1:30:22]} Nfd7 {[%clk 1:32:02]} 6. Bd3 {[%clk
1:30:43]} c5 {[%clk 1:32:27]} 7. c3 {[%clk 1:30:57]} Nc6 {[%clk 1:32:07]} 8. O-O
{[%clk 1:31:12]} Qb6 {[%clk 1:31:58]} 9. dxc5 {[%clk 1:29:00]} Nxc5 {[%clk
1:32:03]} 10. Bc2 {[%clk 1:29:16]} Qc7 {[%clk 1:32:07]} 11. Re1 {[%clk 1:27:51]}
b6 {[%clk 1:28:18]} 12. Nb3 {[%clk 1:25:29]} Nd7 {[%clk 1:27:59]} 13. Qe2 {[%clk
1:14:58]} a5 {[%clk 1:28:09]} 14. Nbd4 {[%clk 1:13:21]} Ba6 {[%clk 1:28:16]} 15.
Nb5 {[%clk 1:12:15]} Qb8 {[%clk 1:27:19]} 16. a4 {[%clk 1:12:01]} h6 {[%clk
1:26:42]} 17. Bf4 {[%clk 1:11:39]} g5 {[%clk 1:24:32]} 18. Bg3 {[%clk 1:12:01]}
h5 {[%clk 1:24:44]} 19. h4 {[%clk 1:09:32]} gxh4 {[%clk 1:17:46]} 20. Nxh4 {[%clk
1:09:39]} Bxb5 {[%clk 0:53:49]} 21. axb5 {[%clk 1:05:38]} Ncxe5 {[%clk 0:45:36]}
22. Ng6 {[%clk 1:04:08]} fxg6 {[%clk 0:39:56]} 23. Bxg6+ {[%clk 1:04:04]} Kd8
{[%clk 0:31:22]} 24. Bxe5 {[%clk 1:04:11]} Nxe5 {[%clk 0:31:27]} 25. Qxe5 {[%clk
1:04:18]} Qxe5 {[%clk 0:31:20]} 26. Rxe5 {[%clk 1:04:39]} Kc7 {[%clk 0:23:53]}
27. Rxe6 {[%clk 0:57:35]} Bc5 {[%clk 0:24:17]} 28. Rd1 {[%clk 0:55:07]} Rad8
{[%clk 0:21:37]} 29. Rd2 {[%clk 0:36:13]} h4 {[%clk 0:21:25]} 30. Kh2 {[%clk
0:36:08]} d4 {[%clk 0:09:49]} 31. Rc6+ {[%clk 0:34:15]} Kb8 {[%clk 0:07:56]} 32.
cxd4 {[%clk 0:20:09]} Bxd4 {[%clk 0:08:04]} 33. Kh3 {[%clk 0:20:14]} Bc5 {[%clk
0:06:53]} 34. Re2 {[%clk 0:18:42]} Rd1 {[%clk 0:06:30]} 35. f4 {[%clk 0:13:57]}
Rh1+ {[%clk 0:06:14]} 36. Kg4 {[%clk 0:14:19]} h3 {[%clk 0:04:56]} 37. gxh3
{[%clk 0:13:43]} R1xh3 {[%clk 0:03:26]} 38. f5 {[%clk 0:05:13]} Rb3 {[%clk
0:02:29]} 39. f6 {[%clk 0:04:41]} Rxb5 {[%clk 0:01:48]} 40. f7 {[%clk 0:34:00]}
Kb7 {[%clk 0:31:04]} 41. Be4 {[%clk 0:28:56]} Ka7 {[%clk 0:26:10]} 42. Rc7+
{[%clk 0:28:32]} Kb8 {[%clk 0:26:39]} 43. Rb7+ {[%clk 0:28:15]} Kc8 {[%clk
0:27:05]} 44. Bc6 {[%clk 0:28:19]} Rb4+ {[%clk 0:25:27]} 45. Kg5 {[%clk 0:28:27]}
Rd4 {[%clk 0:23:34]} 46. Ra7 {[%clk 0:16:41]} Rdd8 {[%clk 0:22:08]} 47. Re8
{[%clk 0:14:26]} Bd6 {[%clk 0:20:22]} 48. Ra8+ {[%clk 0:10:04]} Bb8 {[%clk
0:18:54]} 49. Rxd8+ {[%clk 0:10:14]} Rxd8 {[%clk 0:19:18]} 50. Rxb8+ {[%clk
0:10:32]} Kxb8 {[%clk 0:19:43]} 51. Be8 {[%clk 0:10:56]} Rd5+ {[%clk 0:18:56]}
52. Kg6 {[%clk 0:10:53]} Rd6+ {[%clk 0:18:38]} 53. Kg7 {[%clk 0:11:08]} Rd2
{[%clk 0:18:20]} 54. f8Q {[%clk 0:11:27]} Rxb2 {[%clk 0:18:41]} 55. Bb5+ {[%clk
0:11:37]} Kc7 {[%clk 0:18:28]} 56. Qe7+ {[%clk 0:11:56]} Kb8 {[%clk 0:18:29]} 57.
Qd6+ {[%clk 0:11:23]} Kb7 {[%clk 0:18:03]} 58. Bc6+ {[%clk 0:11:51]} Ka6 {[%clk
0:18:04]} 59. Qb8 {[%clk 0:10:50]} a4 {[%clk 0:18:14]} 60. Qa8# {[%clk 0:11:11]}
1-0

[Event "Baku Chess Olympiad | Open"]
[Site "chess24.com"]
[Date "2016.09.05"]
[Round "4"]
[White "Marko, Helmut"]
[Black "Kulpruethanon, Thanadon"]
[Result "0-1"]
[Board "2"]
[WhiteID "9100032"]
[WhiteElo "1939"]
[WhiteTitle "CM"]
[WhiteCountry "PNG"]
[WhiteFideId "9100032"]
[WhiteEloChange "-3"]
[BlackID "6201610"]
[BlackElo "2235"]
[BlackTitle "CM"]
[BlackCountry "THA"]
[BlackFideId "6201610"]
[BlackEloChange "3"]

1. Nf3 {[%clk 1:30:53]} d5 {[%clk 1:30:54]} 2. g3 {[%clk 1:31:11]} c6 {[%clk
1:30:46]} 3. Bg2 {[%clk 1:31:27]} Bf5 {[%clk 1:31:04]} 4. O-O {[%clk 1:28:52]} h6
{[%clk 1:31:24]} 5. d3 {[%clk 1:28:21]} e6 {[%clk 1:31:15]} 6. Nbd2 {[%clk
1:26:49]} Nf6 {[%clk 1:31:25]} 7. b3 {[%clk 1:20:46]} Be7 {[%clk 1:31:18]} 8. Bb2
{[%clk 1:20:36]} O-O {[%clk 1:31:31]} 9. Rc1 {[%clk 1:16:29]} Nbd7 {[%clk
1:30:36]} 10. Re1 {[%clk 1:07:46]} Bh7 {[%clk 1:30:05]} 11. d4 {[%clk 1:04:52]}
a5 {[%clk 1:28:05]} 12. a3 {[%clk 1:01:55]} a4 {[%clk 1:25:35]} 13. b4 {[%clk
0:55:49]} b5 {[%clk 1:25:08]} 14. e3 {[%clk 0:51:50]} Rc8 {[%clk 1:16:34]} 15.
Bf1 {[%clk 0:50:51]} Nb6 {[%clk 1:09:41]} 16. Bd3 {[%clk 0:49:34]} Ne4 {[%clk
1:09:32]} 17. Rf1 {[%clk 0:42:18]} f5 {[%clk 0:46:16]} 18. Ne5 {[%clk 0:40:38]}
Qe8 {[%clk 0:41:17]} 19. Be2 {[%clk 0:38:37]} Bf6 {[%clk 0:40:21]} 20. Nxe4
{[%clk 0:35:07]} fxe4 {[%clk 0:40:24]} 21. f4 {[%clk 0:34:33]} exf3 {[%clk
0:40:10]} 22. Nxf3 {[%clk 0:30:18]} Bf5 {[%clk 0:39:45]} 23. Ne5 {[%clk 0:17:59]}
Bg5 {[%clk 0:34:28]} 24. Qd2 {[%clk 0:17:42]} Bh3 {[%clk 0:34:20]} 25. Rfe1
{[%clk 0:13:16]} Bf6 {[%clk 0:27:08]} 26. Bf1 {[%clk 0:08:46]} Bxf1 {[%clk
0:21:16]} 27. Rxf1 {[%clk 0:09:06]} Bxe5 {[%clk 0:21:32]} 28. dxe5 {[%clk
0:09:25]} Nc4 {[%clk 0:21:49]} 29. Qd4 {[%clk 0:08:52]} Qg6 {[%clk 0:19:29]} 30.
Rf4 {[%clk 0:05:30]} Rf5 {[%clk 0:18:15]} 31. Rcf1 {[%clk 0:05:06]} Rxf4 {[%clk
0:17:05]} 32. exf4 {[%clk 0:03:58]} Qxc2 {[%clk 0:17:10]} 33. Rf2 {[%clk
0:03:52]} Qb1+ {[%clk 0:16:46]} 34. Kg2 {[%clk 0:04:09]} Rf8 {[%clk 0:15:45]} 35.
Qc3 {[%clk 0:03:46]} Qe4+ {[%clk 0:15:40]} 36. Kg1 {[%clk 0:03:46]} Rd8 {[%clk
0:14:46]} 37. Qc2 {[%clk 0:02:57]} Qxc2 {[%clk 0:14:26]} 38. Rxc2 {[%clk
0:03:26]} d4 {[%clk 0:14:31]} 39. Bc1 {[%clk 0:01:09]} d3 {[%clk 0:14:52]} 40.
Rd2 {[%clk 0:31:26]} Nxd2 {[%clk 0:43:23]} 41. Bxd2 {[%clk 0:31:55]} c5 {[%clk
0:41:36]} 42. bxc5 {[%clk 0:20:47]} b4 {[%clk 0:41:52]} 43. axb4 {[%clk 0:19:26]}
a3 {[%clk 0:42:15]} 44. Kf2 {[%clk 0:16:39]} a2 {[%clk 0:42:24]} 45. c6 {[%clk
0:15:41]} a1Q {[%clk 0:42:42]} 0-1

[Event "Baku Chess Olympiad | Open"]
[Site "chess24.com"]
[Date "2016.09.05"]
[Round "4"]
[White "Aboudi, Marwan"]
[Black "Tamra, Attallah"]
[Result "1-0"]
[Board "1"]
[WhiteID "8100160"]
[WhiteElo "2209"]
[WhiteCountry "JOR"]
[WhiteFideId "8100160"]
[WhiteEloChange "7"]
[BlackID "11500255"]
[BlackElo "2087"]
[BlackTitle "FM"]
[BlackCountry "PLE"]
[BlackFideId "11500255"]
[BlackEloChange "-7"]

1. e4 {[%clk 1:30:30]} c5 {[%clk 1:30:30]} 2. Nf3 {[%clk 1:30:30]} g6 {[%clk
1:30:30]} 3. c3 {[%clk 1:30:30]} Bg7 {[%clk 1:30:30]} 4. d4 {[%clk 1:30:30]} cxd4
{[%clk 1:30:30]} 5. cxd4 {[%clk 1:30:30]} d5 {[%clk 1:30:30]} 6. e5 {[%clk
1:30:30]} Nh6 {[%clk 1:30:30]} 7. Bf4 {[%clk 1:21:09]} Bg4 {[%clk 1:23:46]} 8.
Bb5+ {[%clk 1:20:58]} Nc6 {[%clk 1:23:28]} 9. Bxc6+ {[%clk 1:21:17]} bxc6 {[%clk
1:23:51]} 10. Nbd2 {[%clk 1:17:02]} Nf5 {[%clk 1:22:08]} 11. Qc2 {[%clk 1:07:44]}
Qb6 {[%clk 1:19:48]} 12. h3 {[%clk 1:06:10]} Bxf3 {[%clk 1:20:04]} 13. Nxf3
{[%clk 1:06:35]} Rc8 {[%clk 1:19:55]} 14. Rd1 {[%clk 1:04:40]} e6 {[%clk
1:18:36]} 15. g4 {[%clk 1:04:20]} Ne7 {[%clk 1:18:37]} 16. O-O {[%clk 1:03:57]}
O-O {[%clk 1:12:16]} 17. Rc1 {[%clk 0:56:12]} f6 {[%clk 1:09:58]} 18. Be3 {[%clk
0:54:11]} Qc7 {[%clk 0:58:29]} 19. exf6 {[%clk 0:50:09]} Bxf6 {[%clk 0:58:26]}
20. Rfe1 {[%clk 0:46:47]} Qd7 {[%clk 0:47:07]} 21. Bh6 {[%clk 0:40:11]} Bg7
{[%clk 0:42:21]} 22. Bxg7 {[%clk 0:40:13]} Rxf3 {[%clk 0:42:31]} 23. Qe2 {[%clk
0:36:07]} Rf4 {[%clk 0:39:34]} 24. Qe5 {[%clk 0:32:28]} g5 {[%clk 0:31:39]} 25.
Bh6 {[%clk 0:25:31]} Ng6 {[%clk 0:30:47]} 26. Qxe6+ {[%clk 0:23:59]} Qxe6 {[%clk
0:31:10]} 27. Rxe6 {[%clk 0:24:26]} Rxd4 {[%clk 0:27:54]} 28. Bxg5 {[%clk
0:23:51]} c5 {[%clk 0:27:58]} 29. Be3 {[%clk 0:21:31]} Nf4 {[%clk 0:27:29]} 30.
Bxf4 {[%clk 0:19:58]} Rxf4 {[%clk 0:27:58]} 31. Ra6 {[%clk 0:18:11]} d4 {[%clk
0:15:57]} 32. Rxa7 {[%clk 0:17:56]} c4 {[%clk 0:12:20]} 33. Rd7 {[%clk 0:11:41]}
Rc6 {[%clk 0:03:40]} 34. Kg2 {[%clk 0:06:36]} Rcf6 {[%clk 0:00:52]} 35. Rc2
{[%clk 0:06:49]} d3 {[%clk 0:00:35]} 36. Rd2 {[%clk 0:07:15]} h5 {[%clk 0:00:59]}
37. gxh5 {[%clk 0:06:13]} R6f5 {[%clk 0:01:27]} 38. Rd6 {[%clk 0:03:22]} Rg5+
{[%clk 0:01:32]} 39. Kf1 {[%clk 0:01:50]} Rxh5 {[%clk 0:01:40]} 40. Rg6+ {[%clk
0:01:20]} Kf7 {[%clk 0:02:08]} 41. Rg4 {[%clk 0:01:28]} Rxg4 {[%clk 0:01:06]} 42.
hxg4 {[%clk 0:01:39]} Rh1+ {[%clk 0:30:50]} 43. Kg2 {[%clk 0:34:25]} Rc1 {[%clk
0:31:13]} 44. Kf3 {[%clk 0:34:33]} Re1 {[%clk 0:28:27]} 45. g5 {[%clk 0:23:27]}
Kg6 {[%clk 0:23:37]} 46. a4 {[%clk 0:23:23]} Kxg5 {[%clk 0:22:54]} 47. a5 {[%clk
0:23:39]} Kf5 {[%clk 0:22:57]} 48. a6 {[%clk 0:23:53]} Re8 {[%clk 0:20:28]} 49.
Rd1 {[%clk 0:22:15]} Ra8 {[%clk 0:19:59]} 50. Ra1 {[%clk 0:22:15]} Ke5 {[%clk
0:20:03]} 51. Ke3 {[%clk 0:22:27]} Kd5 {[%clk 0:20:05]} 52. a7 {[%clk 0:21:50]}
Kc5 {[%clk 0:19:54]} 53. f4 {[%clk 0:20:28]} Re8+ {[%clk 0:16:26]} 54. Kd2 {[%clk
0:20:27]} Re2+ {[%clk 0:16:46]} 55. Kd1 {[%clk 0:20:28]} Rxb2 {[%clk 0:09:55]}
56. a8Q {[%clk 0:20:28]} c3 {[%clk 0:10:10]} 57. Qa5+ {[%clk 0:20:28]} 1-0

[Event "Baku Chess Olympiad | Open"]
[Site "chess24.com"]
[Date "2016.09.05"]
[Round "4"]
[White "Michel Yunis, Christian D."]
[Black "Khader, Sami"]
[Result "*"]
[Board "4"]
[WhiteID "3400085"]
[WhiteElo "2234"]
[WhiteTitle "IM"]
[WhiteCountry "PLE"]
[WhiteFideId "3400085"]
[BlackID "8100500"]
[BlackElo "2373"]
[BlackTitle "IM"]
[BlackCountry "JOR"]
[BlackFideId "8100500"]

1. d4 {[%clk 1:30:42]} Nf6 {[%clk 1:30:55]} 2. c4 {[%clk 1:30:29]} c5 {[%clk
1:29:51]} 3. e3 {[%clk 1:30:35]} g6 {[%clk 1:30:15]} 4. Nf3 {[%clk 1:29:21]} Bg7
{[%clk 1:30:39]} 5. Nc3 {[%clk 1:28:48]} O-O {[%clk 1:31:03]} 6. d5 {[%clk
1:19:04]} e6 {[%clk 1:31:08]} 7. e4 {[%clk 1:16:23]} exd5 {[%clk 1:31:26]} 8.
exd5 {[%clk 1:16:44]} d6 {[%clk 1:31:24]} 9. Be2 {[%clk 1:10:11]} Bg4 {[%clk
1:31:31]} 10. O-O {[%clk 1:10:28]} a6 {[%clk 1:31:43]} 11. a4 {[%clk 1:08:57]}
Re8 {[%clk 1:31:42]} 12. h3 {[%clk 1:05:04]} Bxf3 {[%clk 1:32:05]} 13. Bxf3
{[%clk 1:05:31]} Nbd7 {[%clk 1:32:15]} 14. Qc2 {[%clk 0:53:09]} h6 {[%clk
1:25:15]} 15. Bd2 {[%clk 0:52:10]} Nh7 {[%clk 1:17:38]} 16. Rfe1 {[%clk 0:49:57]}
Qh4 {[%clk 1:15:35]} 17. Re4 {[%clk 0:44:28]} Rxe4 {[%clk 1:13:19]} 18. Qxe4
{[%clk 0:42:37]} Qf6 {[%clk 1:10:42]} 19. Be2 {[%clk 0:33:56]} Qd8 {[%clk
0:57:49]} 20. Re1 {[%clk 0:27:37]} Qb6 {[%clk 0:50:14]} 21. Qc2 {[%clk 0:26:57]}
Re8 {[%clk 0:49:37]} 22. Bf1 {[%clk 0:23:23]} Rxe1 {[%clk 0:48:56]} 23. Bxe1
{[%clk 0:23:51]} Qd8 {[%clk 0:48:36]} 24. Bd2 {[%clk 0:20:59]} Qe7 {[%clk
0:46:51]} 25. Qe4 {[%clk 0:17:46]} Qf8 {[%clk 0:47:04]} 26. f4 {[%clk 0:14:19]}
Nhf6 {[%clk 0:46:11]} 27. Qf3 {[%clk 0:14:01]} Qe7 {[%clk 0:46:00]} 28. Bd3
{[%clk 0:13:49]} Nh5 {[%clk 0:45:36]} 29. g4 {[%clk 0:12:53]} Bd4+ {[%clk
0:45:35]} 30. Kg2 {[%clk 0:12:36]} Ng7 {[%clk 0:44:42]} 31. b3 {[%clk 0:10:46]}
Ne8 {[%clk 0:40:28]} 32. Qe4 {[%clk 0:08:00]} Qd8 {[%clk 0:40:11]} 33. Bc2 {[%clk
0:06:00]} Bg7 {[%clk 0:36:01]} 34. Kg3 {[%clk 0:05:14]} Kf8 {[%clk 0:36:09]} 35.
Qe2 {[%clk 0:03:57]} Qf6 {[%clk 0:35:33]} 36. Kg2 {[%clk 0:03:55]} Qh4 {[%clk
0:32:28]} 37. Ne4 {[%clk 0:03:39]} Qe7 {[%clk 0:32:25]} 38. a5 {[%clk 0:03:13]}
Bd4 {[%clk 0:31:00]} 39. Ng3 {[%clk 0:02:35]} Qf6 {[%clk 0:30:18]} 40. Ne4 {[%clk
0:32:28]} Qg7 {[%clk 0:59:51]} 41. Qf1 {[%clk 0:15:18]} Ndf6 {[%clk 0:58:39]} 42.
Ng3 {[%clk 0:15:05]} Ng8 {[%clk 0:58:07]} 43. Qd3 {[%clk 0:14:48]} Ba1 {[%clk
0:56:41]} 44. b4 {[%clk 0:13:32]} cxb4 {[%clk 0:54:23]} 45. Bxb4 {[%clk 0:13:37]}
Qf6 {[%clk 0:53:43]} 46. f5 {[%clk 0:13:09]} Ne7 {[%clk 0:48:22]} 47. c5 {[%clk
0:10:37]} Qe5 {[%clk 0:47:56]} 48. cxd6 {[%clk 0:08:47]} Nxd5 {[%clk 0:46:38]}
49. Bd2 {[%clk 0:06:15]} Nxd6 {[%clk 0:41:09]} 50. Bxh6+ {[%clk 0:06:17]} Ke7
{[%clk 0:38:16]} 51. fxg6 {[%clk 0:05:59]} fxg6 {[%clk 0:36:35]} 52. Qxg6 {[%clk
0:05:59]} Kd7 {[%clk 0:36:05]} 53. Ne4 {[%clk 0:03:30]} Nxe4 {[%clk 0:26:24]} 54.
Qxe4 {[%clk 0:03:47]} Qd6 {[%clk 0:24:40]} 55. Bd2 {[%clk 0:03:01]} Kc7 {[%clk
0:24:40]} 56. Bb3 {[%clk 0:02:50]} Nf6 {[%clk 0:24:53]} 57. Qc4+ {[%clk 0:02:07]}
Kb8 {[%clk 0:25:12]} 58. Bf4 {[%clk 0:01:55]} Be5 {[%clk 0:25:37]} 59. Kf3 {[%clk
0:02:03]} Nd7 {[%clk 0:23:56]} 60. Be3 {[%clk 0:01:51]} Ka8 {[%clk 0:20:47]} 61.
Qg8+ {[%clk 0:01:32]} Nb8 {[%clk 0:21:12]} 62. Bd5 {[%clk 0:01:25]} Qf6+ {[%clk
0:19:43]} 63. Ke4 {[%clk 0:01:21]} Bc7 {[%clk 0:20:01]} 64. Qe6 {[%clk 0:01:14]}
Qa1 {[%clk 0:18:13]} 65. Kf5 {[%clk 0:00:51]} Qb1+ {[%clk 0:16:02]} 66. Be4
{[%clk 0:00:47]} Qb5+ {[%clk 0:15:55]} 67. Qd5 {[%clk 0:01:14]} Qf1+ {[%clk
0:14:59]} 68. Kg6 {[%clk 0:01:42]} Nc6 {[%clk 0:15:08]} 69. Qg8+ {[%clk 0:01:59]}
Bb8 {[%clk 0:09:40]} 70. Bxc6 {[%clk 0:02:01]} Qd3+ {[%clk 0:10:03]} 71. Kh5
{[%clk 0:01:48]} Qxe3 {[%clk 0:10:17]} 72. Bg2 {[%clk 0:01:48]} Qe5+ {[%clk
0:09:33]} 73. Kh6 {[%clk 0:01:10]} Qd6+ {[%clk 0:09:28]} 74. Kh7 {[%clk 0:01:05]}
Qc7+ {[%clk 0:09:56]} 75. Kh8 {[%clk 0:00:47]} Qc3+ {[%clk 0:10:15]} 76. Kh7
{[%clk 0:00:40]} Qc2+ {[%clk 0:10:39]} 77. Kh6 {[%clk 0:00:32]} Qxg2 {[%clk
0:10:52]} 78. h4 {[%clk 0:01:01]} Qd2+ {[%clk 0:10:29]} 79. g5 {[%clk 0:01:22]}
Qxa5 {[%clk 0:09:43]} 80. h5 {[%clk 0:01:13]} Ka7 {[%clk 0:09:41]} 81. Qf7 {[%clk
0:00:54]} Qd2 {[%clk 0:09:36]} 82. Kg6 {[%clk 0:00:50]} Be5 {[%clk 0:07:16]} 83.
h6 {[%clk 0:00:52]} a5 {[%clk 0:07:04]} 84. Qe8 {[%clk 0:00:58]} Qd4 {[%clk
0:06:36]} 85. Kh5 {[%clk 0:00:39]} Qe4 {[%clk 0:06:19]} 86. Qe6 {[%clk 0:00:40]}
a4 {[%clk 0:06:25]} 87. g6 {[%clk 0:01:04]} Qe2+ {[%clk 0:04:11]} 88. Qg4 {[%clk
0:01:01]} Qxg4+ {[%clk 0:04:39]} 89. Kxg4 {[%clk 0:01:30]} a3 {[%clk 0:04:53]}
90. g7 {[%clk 0:01:50]} a2 {[%clk 0:05:18]} 91. g8Q {[%clk 0:02:02]} a1Q {[%clk
0:05:39]} 92. h7 {[%clk 0:01:51]} Qd4+ {[%clk 0:05:57]} 93. Kf5 {[%clk 0:01:59]}
Qf4+ {[%clk 0:06:09]} 94. Ke6 {[%clk 0:02:02]} Qf6+ {[%clk 0:06:35]} 95. Kd5
{[%clk 0:02:22]} Bc3 {[%clk 0:06:44]} 96. Kc4 {[%clk 0:02:07]} Ba1 {[%clk
0:06:45]} 97. Kb5 {[%clk 0:01:48]} Qe5+ {[%clk 0:06:40]} 98. Kb4 {[%clk 0:01:46]}
Qd4+ {[%clk 0:06:51]} 99. Kb3 {[%clk 0:01:36]} Qc3+ {[%clk 0:07:09]} 100. Ka4
{[%clk 0:02:05]} Qb2 {[%clk 0:06:24]} 101. Qc4 {[%clk 0:02:00]} Qd4 {[%clk
0:06:21]} *